Early Muslim perception of India and Hinduism /

Saved in:
Bibliographic Details
Main Author: Saleem Khan, M. A.
Format: Book
Language:English
Published: New Delhi : South Asian Publishers, c1997.
Subjects:
Tags: Add Tag
No Tags, Be the first to tag this record!
LEADER 00975aam a2200301 a 4500
001 007733559-7
005 20020606104010.5
008 970904s1997 ii b 001 0 eng
010 |a  97904974  
020 |a 8170032113 
035 0 |a ocm37580063 
040 |a DLC  |c DLC 
042 |a lcode 
043 |a a-ii--- 
050 0 0 |a DS423  |b .S216 1997 
082 0 0 |a 954  |2 21 
100 2 |a Saleem Khan, M. A. 
245 1 0 |a Early Muslim perception of India and Hinduism /  |c M.A. Saleem Khan. 
260 |a New Delhi :  |b South Asian Publishers,  |c c1997. 
300 |a xix, 330 p. ;  |c 23 cm. 
504 |a Includes bibliographical references and index. 
650 0 |a Hinduism  |x History. 
650 0 |a Muslims  |z India  |x History. 
651 0 |a India  |x Civilization. 
655 7 |a History.  |2 fast 
776 0 8 |i Online version:  |a Saleem Khan, M.A.  |t Early Muslim perception of India and Hinduism.  |d New Delhi : South Asian Publishers, ©1997  |w (OCoLC)644349886 
988 |a 20020608 
906 |0 DLC